000 00585nam a2200169Ia 4500
005 20250508155938.0
008 008 250505s9999 xx 000 0 eng d
037 _aBooks to be hide in OPAC
040 _aFEDL
_beng
_cFEDL
041 _aeng
_2eng
084 _a371.4260942, GRE/O
_qFEDL
245 0 _aFifty-fourth report for the year 1910 of the inspector : Reformatory and industrial schools of Great Britain
260 _aLondon, UK
_bHis Majesty's Stationery Office
_c1911
300 _a128p.
942 _cHB
_h371.4260942, GRE/O
999 _c1360305
_d1360305